INTRODUCTORY CIRCUIT ANALYSIS / (Record no. 617025)

000 -LEADER
fixed length control field 00379nam a22001457a 4500
020 ## - INTERNATIONAL STANDARD BOOK NUMBER
Qualifying information PB.
040 ## - CATALOGING SOURCE
Transcribing agency FIZZA ISHAQ
082 ## - DEWEY DECIMAL CLASSIFICATION NUMBER
Classification number 621.3192
Author Mark ROB
100 ## - MAIN ENTRY--PERSONAL NAME
Personal name BOYLESTAD,L.ROBERT.
9 (RLIN) 134093
245 ## - TITLE STATEMENT
Title INTRODUCTORY CIRCUIT ANALYSIS /
Statement of responsibility, etc. ROBERT L.BOYLESTAD.
250 ## - EDITION STATEMENT
Edition statement 12th ED.
260 ## - PUBLICATION, DISTRIBUTION, ETC.
Place of publication, distribution, etc. NEW YORK ;
Name of publisher, distributor, etc. PEARSON,
Date of publication, distribution, etc. 2010.
300 ## - PHYSICAL DESCRIPTION
Extent 1188 P. ;
Dimensions 11.2X8.9IN
942 ## - ADDED ENTRY ELEMENTS (KOHA)
Source of classification or shelving scheme
Koha item type Book
Holdings
Withdrawn status Lost status Source of classification or shelving scheme Damaged status Not for loan Permanent Location Current Location Shelving location Date acquired Total Checkouts Full call number Barcode Date last seen Price effective from Koha item type
          NUST Baluchistan Campus (NBC) NUST Baluchistan Campus (NBC) General Stacks 04/14/2026   621.3192 ROB QD-421 04/14/2026 04/14/2026 Book
© 2023 Central Library, National University of Sciences and Technology. All Rights Reserved.